Регионална библиотека "Любен Каравелов" - Русе

[Сто и едно] 101 неща, които би трябвало да знаеш за футбола (Запис номер 381789)

MARC детайли
000 -Лидер
Контролно поле с фиксирана дължина 01451nam a22003497a 4500
003 - Код на организацията, давaща контролен номер
Контролно поле BLK
005 - Дата и час на последна редакция
Контролно поле 20240422143419.0
008 - Елементи от данни с фиксирана дължина
fixed length control field 200812b bu ||||| |||| 00| 0 bu d
020 ## - Международен стандартен номер на книга ISBN
Международен стандартен номер на книга ISBN 9786190104285
040 ## - Източник на каталожния запис
Идентификатор на билиотеката - собственик на записа BLK
041 ## - Код за език
Код за езика на текст/звукозапис или на отделно заглавие Български
Код за езика КДБФ Български
080 ## - УДК
Текстов определител УДК Издания за деца и юноши. Книжки-картинки. Читанки. Вж и 372.4
УДК код - определител по УДК 087.5
УДК - код + определител 087.5
100 ## - Редна дума - Автор
R(LIN) 417199
Автор Домингес, Нико
Авторска отговорност първи автор
139 ## - Редно поле
Редна дума Домингес, Нико
Авторски знак Дом - Д 76
245 ## - Сведения за заглавието
Заглавие [Сто и едно] 101 неща, които би трябвало да знаеш за футбола
Подзаглавни данни Детска енциклопедия
Редно поле (дума) Нико Домингес; ил. Франциска Валиенте; прев. от исп. Мариана Китипова.
257 ## - Страна на издаване
Страна на създаване/издаване Испания
260 ## - Област на издателските данни
9 (RLIN) 210881
Място на издаване, разпространение и проч. София
Име на издателя, разпространителя и проч. Изток-Запад
Година на издаване 2019
300 ## - Физическа характеристика
Страници 48 с.
Илюстрации и др. с цв. ил.
Размери/Мащаб 23 см
380 ## - Жанр
Жанр Детска отраслова лит.
650 #7 - Допълнително описание по предмет – тема
9 (RLIN) 154962
Основно описание – тема или топоним Енциклопедии, детски
653 #7 - Ключова дума – ненормативна
9 (RLIN) 186344
Ключова дума енциклопедии
653 #7 - Ключова дума – ненормативна
9 (RLIN) 199648
Ключова дума футбол
700 ## - Други автори (авторска отговорност)
9 (RLIN) 417206
Лично име Валиенте, Франциска
Автороска отговорност (Описва отношението между автора и произведението) ил.
700 ## - Други автори (авторска отговорност)
9 (RLIN) 367953
Лично име Китипова, Мариана Георгиева
Автороска отговорност (Описва отношението между автора и произведението) прев. от исп.
999 ## - СИСТЕМНИ КОНТРОЛНИ НОМЕРА
Koha biblionumber 381789
Koha biblioitemnumber 381789
942 ## - АРТИКУЛИ
Вид на библиотечния материал Книги
Скрит в OPAC Не
Периодичен библиозапис Да
Koha issues (borrowed), all copies 33
944 ## - СЪЗДАВАНЕ И РЕДАКЦИЯ на ЗАПИСА
Създаване/Редакция Създаване
Дата на регистрацията/редакция 2020-08-12
Служител, извършил регистрацията/редакцията 30532
Статус, дата на статуса Мира Стойчева
999 ## - СИСТЕМНИ КОНТРОЛНИ НОМЕРА
Koha biblioitemnumber 381789
999 ## - СИСТЕМНИ КОНТРОЛНИ НОМЕРА
Koha biblioitemnumber 381789
999 ## - СИСТЕМНИ КОНТРОЛНИ НОМЕРА
Koha biblioitemnumber 381783
999 ## - СИСТЕМНИ КОНТРОЛНИ НОМЕРА
Koha biblioitemnumber 381783
999 ## - СИСТЕМНИ КОНТРОЛНИ НОМЕРА
Koha biblioitemnumber 381783
Наличности
Код за отписване Код за изгубен артикул Източник на класификационната схема Код за повреда Коз за рестрикции Код за отдаване Артикулен № Име на библиотеката - собственик Име на библиотеката, в която се намира в момента Статус (Текущо местоположение) Дата на вписване в системата Местоположение - отдел Цена в лева Систематично азбучна сигнатура Баркод Цена в евро Служебен тип на артикула
  Не е изгубен Universal Decimal Classification Не е повреден без рестрикции заемане за дома 799319 Регионална библиотека "Любен Каравелов" Русе Регионална библиотека "Любен Каравелов" Русе Детски отдел 2020-09-17 Детски отдел 6.93 0/Д 76 Н 120000846597 3.54 Книги
  Не е изгубен Universal Decimal Classification Не е повреден без рестрикции заемане за дома 799320 Регионална библиотека "Любен Каравелов" Русе Регионална библиотека "Любен Каравелов" Русе Детски отдел 2020-09-17 Детски отдел 6.93 0/Д 76 Н 120000846594 3.54 Книги
  Не е изгубен Universal Decimal Classification Не е повреден без рестрикции заемане за дома 799321 Регионална библиотека "Любен Каравелов" Русе Регионална библиотека "Любен Каравелов" Русе Детски отдел 2020-09-17 Детски отдел 6.93 0/Д 76 Н 120000846596 3.54 Книги
  Не е изгубен Universal Decimal Classification Не е повреден без рестрикции заемане за дома 799322 Регионална библиотека "Любен Каравелов" Русе Регионална библиотека "Любен Каравелов" Русе Детски отдел 2020-09-17 Детски отдел 6.93 0/Д 76 Н 120000846595 3.54 Книги
  Не е изгубен Universal Decimal Classification Не е повреден без рестрикции заемане за дома 799323 Регионална библиотека "Любен Каравелов" Русе Регионална библиотека "Любен Каравелов" Русе Детски отдел 2020-09-17 Детски отдел 6.93 0/Д 76 Н 120000846593 3.54 Книги
  Не е изгубен Universal Decimal Classification Не е повреден само за читалня ползва се в читалня 805192 Регионална библиотека "Любен Каравелов" Русе Регионална библиотека "Любен Каравелов" Русе Хранилище 2020-11-17 Хранилище 9.90 Цб 304431 120000849814 5.06 Книги
Vip Innovations Ltd, Rousse, Bulgaria 2025